| 000 -LEADER | |
|---|---|
| fixed length control field | 00391nam a22001697a 4500 |
| 005 - DATE AND TIME OF LATEST TRANSACTION | |
| control field | 20180425110410.0 |
| 008 - FIXED-LENGTH DATA ELEMENTS--GENERAL INFORMATION | |
| fixed length control field | 160622b xxu||||| |||| 00| 0 eng d |
| 020 ## - INTERNATIONAL STANDARD BOOK NUMBER | |
| ISBN | 81-7446-340-2 |
| 041 ## - LANGUAGE CODE | |
| Language code of text/sound track or separate title | eng |
| 082 ## - DEWEY DECIMAL CLASSIFICATION NUMBER | |
| Item number | 9193 |
| Classification number | 363.7 |
| 100 ## - MAIN ENTRY--AUTHOR NAME | |
| Personal name | Uberoi, N.K. |
| 245 ## - TITLE STATEMENT | |
| Title | Environment Management |
| 260 ## - PUBLICATION, DISTRIBUTION, ETC. (IMPRINT) | |
| Name of publisher | Excel book |
| Year of publication | 2009 |
| 300 ## - PHYSICAL DESCRIPTION | |
| Number of Pages | 397 |
| 650 ## - SUBJECT ADDED ENTRY--TOPICAL TERM | |
| Topical Term | Management |
| 942 ## - ADDED ENTRY ELEMENTS (KOHA) | |
| Koha item type | Books |
| Lost status | Damaged status | Collection code | Home library | Current library | Shelving location | Date acquired | Cost, normal purchase price | Full call number | Accession Number | Koha item type |
|---|---|---|---|---|---|---|---|---|---|---|
| MANAGEMENT | JRU Library | JRU Library | SHELF-61-G | 22/06/2016 | 310.00 | 363.7 | 9193 | Books | ||
| MANAGEMENT | JRU Library | JRU Library | SHELF-41-N | 22/06/2016 | 310.00 | 363.7 | 9194 | Books | ||
| Reference | JRU Library | SHELF-28-J | 22/06/2016 | 310.00 | 363.7 | 9195 | Books | |||
| MANAGEMENT | JRU Library | JRU Library | SHELF-72-B | 22/06/2016 | 310.00 | 363.7 | 9196 | Books | ||
| MANAGEMENT | JRU Library | JRU Library | SHELF-61-G | 22/06/2016 | 310.00 | 363.7 | 9197 | Books | ||
| MANAGEMENT | JRU Library | JRU Library | SHELF-61-G | 22/06/2016 | 310.00 | 363.7 | 9198 | Books | ||
| MANAGEMENT | JRU Library | JRU Library | SHELF-41-N | 22/06/2016 | 310.00 | 363.7 | 9199 | Books | ||
| MANAGEMENT | JRU Library | JRU Library | SHELF-61-G | 22/06/2016 | 310.00 | 363.7 | 9200 | Books | ||
| MANAGEMENT | JRU Library | JRU Library | SHELF-61-G | 22/06/2016 | 310.00 | 363.7 | 9201 | Books |